Understanding division.
Iain George, a headteacher, Anne Farrell, the teacher in the KS1/2 Maths programme Just Division and Richard Dunne, a maths consultant, look back at Anne's lesson featured in Just Division. For each calculation, they debate by visiting teachers in two Birmingham primary schools to compare their...
| Corporate Author: | |
|---|---|
| Format: | Video |
| Language: | English |
| Language Notes: | This edition in English. |
| Published: |
[London] :
Teachers TV/UK Dept. of Education,
2006.
|
| Series: | VAST: Academic Video Online
KS1/2 maths ; 4 |
| Subjects: | |
| Online Access: | Connect to this streaming video (Alexander Street Press) |
MARC
| Tag | First Indicator | Second Indicator | Subfields |
|---|---|---|---|
| LEADER | 00000cgm a2200000Ma 4500 | ||
| 001 | in00005548621 | ||
| 006 | m o c | ||
| 007 | vz |zazu| | ||
| 008 | 120229s2006 enk016 o vleng d | ||
| 005 | 20241201230829.6 | ||
| 035 | |a (OCoLC)ocn829688118 | ||
| 040 | |a ALSTP |b eng |e pn |c ALSTP |d OCLCO |d OCLCQ |d OCLCF |d OCLCQ |d OCLCO |d VZF |d OCLCQ |d OCLCO |d OCLCA |d OCLCQ |d EZ9 |d MNI |d INT |d OCLCQ |d WYU |d OCLCQ |d OCLCO |d OCLCQ |d OCLCL | ||
| 019 | |a 1112298319 | ||
| 035 | |a (OCoLC)829688118 |z (OCoLC)1112298319 | ||
| 043 | |a e-uk--- | ||
| 050 | 4 | |a PN1200eb | |
| 082 | 0 | 4 | |a 513 |q OCoLC |
| 049 | |a TXAM | ||
| 245 | 0 | 0 | |a Understanding division. |
| 260 | |a [London] : |b Teachers TV/UK Dept. of Education, |c 2006. | ||
| 300 | |a 1 online resource (16 min.). | ||
| 336 | |a two-dimensional moving image |b tdi |2 rdacontent | ||
| 337 | |a computer |b c |2 rdamedia | ||
| 338 | |a online resource |b cr |2 rdacarrier | ||
| 347 | |a video file |2 rda | ||
| 490 | 0 | |a VAST: Academic Video Online | |
| 490 | 0 | |a KS1/2 maths ; |v 4 | |
| 500 | |a Title from resource description page (viewed Mar. 5, 2012). | ||
| 520 | |a Iain George, a headteacher, Anne Farrell, the teacher in the KS1/2 Maths programme Just Division and Richard Dunne, a maths consultant, look back at Anne's lesson featured in Just Division. For each calculation, they debate by visiting teachers in two Birmingham primary schools to compare their practices with Anne's. For 6 divided by 2, they talk about grouping and sharing, debating which is more straightforward for children's understanding. For 3 divided by 1/2, they find out that in most schools, this would not be taught at Year 3, which challenges Anne to justify why she teaches division of fractions. A range of teachers explain how they might teach 600 divided by 200. Many would not, except perhaps to the most able, but they show number lines and covering the zeros to make a connection with 6 divided by 2. The central debate is whether teaching children a variety of methods for division and allowing them choice is more successful than teaching and embedding one method from which they can branch out. | ||
| 546 | |a This edition in English. | ||
| 650 | 0 | |a Mathematics |x Study and teaching |z Great Britain. | |
| 650 | 6 | |a Mathématiques |x Étude et enseignement |z Grande-Bretagne. | |
| 650 | 7 | |a Mathematics |x Study and teaching. |2 fast |0 (OCoLC)fst01012236 | |
| 651 | 7 | |a Great Britain. |2 fast |0 (OCoLC)fst01204623 |1 https://id.oclc.org/worldcat/entity/E39PBJdmp7p3cx8hpmJ8HvmTpP | |
| 655 | 4 | |a Alexander Street Video. | |
| 655 | 7 | |a Instructional television programs. |2 fast |0 (OCoLC)fst01726126 | |
| 655 | 7 | |a Instructional television programs. |2 lcgft | |
| 655 | 7 | |a Émissions pédagogiques télévisées. |2 rvmgf | |
| 710 | 2 | |a Television Junction. |4 pro | |
| 776 | 0 | 8 | |i Print version: |t Understanding division. |d [London] : Teachers TV/UK Dept. of Education, 2006 publisher catalog number |o C/0993/004 |
| 856 | 4 | 0 | |u http://proxy.library.tamu.edu/login?url=https://www.aspresolver.com/aspresolver.asp?AVN2;1780545 |z Connect to this streaming video (Alexander Street Press) |t 0 |
| 955 | |a Alexander Street Press subscription streaming video | ||
| 994 | |a 92 |b TXA | ||
| 999 | f | f | |s ee663736-a550-419f-8e8c-b240d190211a |i 3e9db943-ef0e-4654-b7c3-a303d4ccc8ea |t 0 |
| 952 | f | f | |a Texas A&M University |b College Station |c Electronic Resources |d Available Online |t 0 |e PN1200eb |h Library of Congress classification |
| 998 | f | f | |a PN1200eb |t 0 |l Available Online |